LEADER 01572nam a2200301 u 4500 001 000000013511 003 CaOOAMICUS 005 20070226105647.0 008 950216s1982 it u000 u eng u 035 $a10322442 040 $aEFR$bita 041 0 $aeng$ager$afre 111 2 $aInternational Ecumenical Colloquium Confessio fidei$d(1980 :$cRoma).$0(OLS)http://pul/name/12710 245 10$aConfessio fidei :$bInternational Ecumenical Colloquium : Rome, 3-8 November 1980 /$cedited by Gerard J. Békés and Harding Meyer. 260 $aRoma :$bPontificio Ateneo S. Anselmo,$c1982. 300 $a174 p. ;$c25 cm 490 1 $aStudia Anselmiana : ;$v81.$aSacramentum ;$v7 650 4$aEcumenismo$xCongressi.$0(OLS)http://pul/subject/2772 700 1 $aMeyer, Harding.$0(OLS)http://pul/name/12711 700 1 $aBékés, Gellert,$cO.S.B.,$d1915-$0(OLS)http://pul/name/2790 830 0$aStudia Anselmiana ;$v81.$0(OLS)http://pul/title/554 830 0$aStudia Anselmiana.$pSacramentum ;$v7.$0(OLS)http://pul/title/7251 850 $aPUL 852 $aPUL$W1$xSospeso Lavorazione$y8$m88345$j19047$nBK-PRI$b $qStampati$B19047$CPULBib$Z2$F19047 $HPUL88345 $81 852 $aPUL$W1$xSL Religione 3$y85$m230. 05 COLL 2.81$j19048$nBK-PRI$qDDC 21$B19048$CPULBib$Z2$F19048 $H49696 $82 941 1 $a9 996 $6245$aConfessio fidei :$bInternational Ecumenical Colloquium : Rome, 3-8 November 1980$9(OLS)http://pul/title/19502 996 $6260$aRoma :$bPontificio Ateneo S. Anselmo$9(OLS)http://pul/publisher/48098 LEADER 01261nam a2200325 a 4500 001 000000169817 003 CaOOAMICUS 005 20181009092250.0 008 181009s2018 it u000 u ita r 020 $a978-88-14-22744-8* 032 $aLibriCat 040 $aPUL$bita 100 1 $aGaraci, Ilaria.$0(OLS)http://pul/name/109291 245 13$aLa gestione d'affari altrui /$cIlaria Garaci. 260 $aMilano :$bGiuffrè,$c©2018. 300 $aXIX, 222 p. ;$c25 cm. 490 1 $aIl Codice civile.$aCommentario 500 $aInclude indici. 504 $aBibliografia in nota. 505 1 $aV. Artt. 2028-2032. 630 04$aCodice civile$zItalia.$0(OLS)http://pul/subject/33346 650 4$aNegozi giuridici.$0(OLS)http://pul/subject/19298 830 3$aIl Codice civile.$pCommentario.$0(OLS)http://pul/title/53143 850 $aPUL 852 $aPUL$W1$xSL Diritto e Scienze Sociali 3$y79$m300 A 1.2028$j192735$qDDC 21$B197922$CPULBib$Z2$F197922 $H131399 $82 941 1 $a9 996 $6020$a978-88-14-22744-8*$9(OLS)http://pul/number/164827 996 $6245$aLa gestione d'affari altrui$9(OLS)http://pul/title/210484 996 $6260$aMilano :$bGiuffrè$9(OLS)http://pul/publisher/48401